Sandro Botticelli 1444-45-1510

I tiakina i:
Ngā taipitopito rārangi puna kōrero
Kaituhi matua: Deimling, Barbara (Author)
Hōputu: Pukapuka
Reo:Pāniora
I whakaputaina: Colonia Taschen 2007
Ngā marau:
Ngā Tūtohu: Tāpirihia he Tūtohu
Kāore He Tūtohu, Me noho koe te mea tuatahi ki te tūtohu i tēnei pūkete!

MARC

LEADER 00000nam a2200000 a 4500
001 UCG7074
003 CL-VaPUC
008 110617e20070000GW |||||||||||||||||spa|d
020 |a 9783822808665 
082 0 4 |a 750  |b DEI  |2 21 
100 |a Deimling, Barbara  |e author  |9 446785 
245 1 0 |a Sandro Botticelli 1444-45-1510 
300 |a 95 p 
942 |c BK 
945 |d 20110617 00:00:00  |a dcastane 
260 |a Colonia  |b Taschen  |c 2007 
600 0 7 |a BOTTICELLI, SANDRO  |2 CL-VaPUC  |9 342252 
650 0 |a Pintura  |9 265046 
650 0 |a Pintura italiana  |9 265293 
650 0 |a Pintores italianos  |9 265277 
650 0 |a Pintura renacentista  |9 266314 
583 |a last modification  |c 20110617 00:00:00  |k Rodrigo Vera 
999 |c 345139  |d 345137 
952 |0 0  |1 0  |4 0  |6 750_000000000000000_DEI_2007  |7 0  |8 C  |9 443608  |a BIBCUR  |b BIBCUR  |d 2019-11-22  |i 4784766  |o 750 DEI 2007  |p 4784766  |r 2025-04-22  |w 2019-11-22  |y BK  |k CAC